The Bedford handbook for writers. (Record no. 5941)
[ view plain ]
| 000 -LEADER | |
|---|---|
| fixed length control field | 00625cam a22002172 4500 |
| 001 - CONTROL NUMBER | |
| control field | 0000002617 |
| 005 - DATE AND TIME OF LATEST TRANSACTION | |
| control field | 20151217151900.0 |
| 008 - FIXED-LENGTH DATA ELEMENTS--GENERAL INFORMATION | |
| fixed length control field | 070417s xx 000 0 eng d |
| 020 ## - INTERNATIONAL STANDARD BOOK NUMBER | |
| International Standard Book Number | 0132055994 : |
| Terms of availability | KES 300 |
| 040 ## - CATALOGING SOURCE | |
| Original cataloging agency | KABU |
| Transcribing agency | KABU |
| 050 #0 - LIBRARY OF CONGRESS CALL NUMBER | |
| Classification number | PE1408 |
| Item number | .H33 1991 |
| 100 1# - MAIN ENTRY--PERSONAL NAME | |
| Personal name | Hacker, Diana. |
| -- | 0000152047 |
| 245 14 - TITLE STATEMENT | |
| Title | The Bedford handbook for writers. |
| 250 ## - EDITION STATEMENT | |
| Edition statement | 3rd ed. |
| 260 ## - PUBLICATION, DISTRIBUTION, ETC. (IMPRINT) | |
| Place of publication, distribution, etc. | Boston : |
| Name of publisher, distributor, etc. | Bedford books, |
| Date of publication, distribution, etc. | 1991. |
| 300 ## - PHYSICAL DESCRIPTION | |
| Extent | xxxvi, 689 p. |
| 650 #0 - SUBJECT ADDED ENTRY--TOPICAL TERM | |
| Topical term or geographic name as entry element | Report writing |
| Form subdivision | Handbooks, manuals etc. |
| -- | 0000152048 |
| 908 ## - PUT COMMAND PARAMETER (RLIN) | |
| Put command parameter | 070417 |
| 950 ## - LOCAL HOLDINGS (RLIN) | |
| -- | 1 |
| Withdrawn status | Lost status | Source of classification or shelving scheme | Not for loan | Home library | Current library | Date acquired | Total Checkouts | Full call number | Barcode | Date last seen | Price effective from | Koha item type |
|---|---|---|---|---|---|---|---|---|---|---|---|---|
| Library of Congress Classification | Kabarak, Main Campus | Kabarak, Main Campus | 17/12/2015 | PE1408 .H33 1991 | 007978 | 17/12/2015 | 17/12/2015 | General Collection |